দ্বিজেন্দ্রলাল রায়ের গ্রন্থাবলী / (Record no. 40145)
[ view plain ]
| 000 -LEADER | |
|---|---|
| fixed length control field | 01153nam a2200265 a 4500 |
| 001 - CONTROL NUMBER | |
| control field | 40145 |
| 003 - CONTROL NUMBER IDENTIFIER | |
| rucl marc code | BD-RjUL |
| 005 - DATE AND TIME OF LATEST TRANSACTION | |
| control field | 20241202110656.0 |
| 008 - FIXED-LENGTH DATA ELEMENTS--GENERAL INFORMATION | |
| fixed length control field | 160423b1982 ii ||||| |||| 00| 0 ben d |
| 020 ## - INTERNATIONAL STANDARD BOOK NUMBER | |
| Terms of availability | : IRs 6.00 |
| Terms of availability | : IRs 8.00 |
| 035 ## - SYSTEM CONTROL NUMBER | |
| System control number | (BD-RjUL)40260 |
| 040 ## - CATALOGING SOURCE | |
| Original cataloging agency | BD-RjUL |
| Language of cataloging | ben |
| Transcribing agency | BD-RjUL |
| 041 ## - LANGUAGE CODE | |
| Language code of text/sound track or separate title | ben |
| 082 ## - DEWEY DECIMAL CLASSIFICATION NUMBER | |
| Edition number | 23 |
| Classification number | 891.442 |
| Author mark and year | RAK 1982 |
| 100 ## - MAIN ENTRY--PERSONAL NAME | |
| Personal name | রায়, দ্বিজেন্দ্রলাল |
| 9 (RLIN) | 119722 |
| 245 10 - TITLE STATEMENT | |
| Title | দ্বিজেন্দ্রলাল রায়ের গ্রন্থাবলী / |
| Statement of responsibility, etc. | দ্বিজেন্দ্রলাল রায় |
| 246 ## - VARYING FORM OF TITLE | |
| Title proper/short title | কবিবর দ্বিজেন্দ্রলাল রায়ের গ্রন্থাবলী |
| 260 ## - PUBLICATION, DISTRIBUTION, ETC. (IMPRINT) | |
| Place of publication, distribution, etc. | কলিকাতা : |
| Name of publisher, distributor, etc. | বসুমতী কর্পোরেশন লিমিটেড, |
| Date of publication, distribution, etc. | [১৯৮২?] |
| 300 ## - PHYSICAL DESCRIPTION | |
| Pagination | খণ্ড ; |
| Size | ২১ সেমি |
| 505 0# - FORMATTED CONTENTS NOTE | |
| Formatted contents note | খণ্ড ১-- খণ্ড ২ -- খণ্ড ৩ -- |
| 650 ## - SUBJECT ADDED ENTRY--TOPICAL TERM | |
| Topical term or geographic name as entry element | বাংলা সাহিত্য |
| General subdivision | নাটক |
| 9 (RLIN) | 122902 |
| Topical term or geographic name as entry element | Bengali Literature |
| General subdivision | Drama |
| 9 (RLIN) | 122903 |
| 942 ## - ADDED ENTRY ELEMENTS (KOHA) | |
| Source of classification or shelving scheme | Dewey Decimal Classification |
| Koha item type | Books |
| Lost status | Source of classification or shelving scheme | Damaged status | Not for loan | Collection code | Permanent Location | Current Location | Shelving location | Date acquired | Source of acquisition | Cost, normal purchase price | Total Checkouts | Full call number | Date last seen | Copy number | Koha item type |
|---|---|---|---|---|---|---|---|---|---|---|---|---|---|---|---|
| Dewey Decimal Classification | Not For Loan | Non-fiction | Central Library, University of Rajshahi | Central Library, University of Rajshahi | Reading Room | 20/08/1982 | Aligorh Library : Rajshahi | 18.00 | B 891.442 RAK V-1 1982 | 23/04/2016 | C-1 | Books | |||
| Dewey Decimal Classification | Non-fiction | Central Library, University of Rajshahi | Central Library, University of Rajshahi | 20/08/1982 | Aligorh Library, Rajshahi | 18.00 | B 891.442 RAK V-1 1982 | 23/04/2016 | C-2 | Books | |||||
| Dewey Decimal Classification | Non-fiction | Central Library, University of Rajshahi | Central Library, University of Rajshahi | 20/08/1982 | Aligorh Library, Rajshahi | 24.00 | B 891.442 RAK V-2 1982 | 23/04/2016 | C-2 | Books | |||||
| Dewey Decimal Classification | Non-fiction | Central Library, University of Rajshahi | Central Library, University of Rajshahi | 20/08/1982 | Aligorh Library, Rajshahi | 24.00 | B 891.442 RAK V-3 1982 | 30/05/2016 | C-2 | Books | |||||
| Dewey Decimal Classification | Non-fiction | Central Library, University of Rajshahi | Central Library, University of Rajshahi | 20/08/1982 | Aligarh library, Rajshahi | 24.00 | B 891.442 RAK V-2 1982 | 14/08/2016 | C-3 | Books | |||||
| Dewey Decimal Classification | Not For Loan | Non-fiction | Central Library, University of Rajshahi | Central Library, University of Rajshahi | Reading Room | 20/08/1982 | Aligarh library, Rajshahi | 18.00 | B 891.442 RAK V-2 1982 | 28/02/2017 | C-1 | Books | |||
| Dewey Decimal Classification | Non-fiction | Central Library, University of Rajshahi | Central Library, University of Rajshahi | 20/08/1982 | Alighar Library | 18.00 | B 891.442 RAK V-1 1982 | 07/03/2021 | C-1 | Books | |||||
| Dewey Decimal Classification | Not For Loan | Non-fiction | Central Library, University of Rajshahi | Central Library, University of Rajshahi | Reading Room | 02/08/1982 | Alighar Library | 24.00 | B 891.442 RAK V-1 1982 | 02/12/2024 | C-1 | Books |